000 00972nam a22002537a 4500
005 20240530110351.0
008 141224s2009 le g 000 0 ara d
017 _a2009/2431
_bمصر . دار الكتب المصرية
020 _a9774274644
040 _aEG-CaGPL
041 0 _aara
_heng
082 0 4 _221
_a330.9\
_bس إ
100 1 _aسول ، جون رالستون
245 1 0 _aانهيار العولمة و اعادة اختراع العالم /
_cتاليف جون رالستون سول ؛ ترجمة محمد الخولى ؛ تقديم حامد عمار
250 _aط1
260 _aالقاهرة :
_bالدار المصرية اللبنانية ،
_c2009
300 _a495 ص ؛
_c24 سم
650 0 4 _aالعولمة
_xانهيار
650 0 4 _aالاحوال الاقتصادية
700 0 _aمحمد الخولى
_eمترجم
700 0 _aحامد عمار
_eمقدم
942 _2ddc
_cBK
999 _c60078
_d60078